Welcome to CU Library Online Public Access Catalogue (OPAC)

Filing systems and records management / (Record no. 3899)

MARC details
000 -LEADER
fixed length control field 00818cam a2200241 i 4500
001 - CONTROL NUMBER
control field 882506
005 - DATE AND TIME OF LATEST TRANSACTION
control field 20250217105042.0
008 - FIXED-LENGTH DATA ELEMENTS--GENERAL INFORMATION
fixed length control field 800825s1981 nyua 001 0 eng
020 ## - INTERNATIONAL STANDARD BOOK NUMBER
International Standard Book Number 0070614717
050 00 - LIBRARY OF CONGRESS CALL NUMBER
Classification number HF5736
Item number .K283 1981
082 00 - DEWEY DECIMAL CLASSIFICATION NUMBER
Classification number 651.5
Edition information 19
245 00 - TITLE STATEMENT
Title Filing systems and records management /
Statement of responsibility, etc. Jeffrey R. Stewart, Jr. ... [et al.].
250 ## - EDITION STATEMENT
Edition statement 3d ed.
260 ## - PUBLICATION, DISTRIBUTION, ETC.
Place of publication, distribution, etc. New York :
Name of publisher, distributor, etc. Gregg Division, McGraw-Hill,
Date of publication, distribution, etc. c1981.
300 ## - PHYSICAL DESCRIPTION
Extent ix, 214 p. :
Other physical details ill. ;
Dimensions 24 cm.
500 ## - GENERAL NOTE
General note Second ed. (1971) by G. Kahn, T. Yerian, and J. R. Stewart, Jr.
500 ## - GENERAL NOTE
General note Includes index.
650 #0 - SUBJECT ADDED ENTRY--TOPICAL TERM
Topical term or geographic name entry element Filing systems.
650 #0 - SUBJECT ADDED ENTRY--TOPICAL TERM
Topical term or geographic name entry element Business records
General subdivision Management.
700 1# - ADDED ENTRY--PERSONAL NAME
Personal name Stewart, Jeffrey Robert,
Dates associated with a name 1932-
700 1# - ADDED ENTRY--PERSONAL NAME
Personal name Kahn, Gilbert,
Dates associated with a name 1912-1971.
Title of a work Filing systems and records management.
942 ## - ADDED ENTRY ELEMENTS (KOHA)
Source of classification or shelving scheme Library of Congress Classification
Koha item type Books
Suppress in OPAC No
999 ## -
-- 3899
-- 3899
Holdings
Withdrawn status Lost status Source of classification or shelving scheme Damaged status Not for loan Collection Home library Current library Shelving location Date acquired Total checkouts Full call number Barcode Date last seen Copy number Price effective from Koha item type
    Library of Congress Classification     Non-fiction Undergraduate Library (Christ Temple) Undergraduate Library (Christ Temple) General stacks 02/17/2025   HF5736 KAH ulct00001229 02/17/2025 1 02/17/2025 Books
© 2023-2024 Copyright: Central University Libraries. All Rights Reserved | Created by: Mahone Tech Office